000 00719nam a2200229 i 4500
001 bg
003 BPK
005 20151202093734.0
008 070528s1973 pl a f |000 0 pol
015 _aPB 1973/9019
040 _aWA N
_cBPK
080 _a624.04:725
100 1 _aKoziński, Stefan.
245 1 0 _aProjektowanie obiektów handlowych /
_cStefan Koziński.
260 _aWarszawa :
_b"Arkady",
_c1973.
300 _a132 s. :
_bil. ;
_c27 cm.
504 _aBibliogr.
650 4 _aBudownictwo handlowo-usługowe
_xprojekty.
710 2 _aWydawnictwo "Arkady".
_4pbl.
856 _uhttp://koha.tu.koszalin.pl/cgi-bin/koha/opac-detail.pl?biblionumber=4362
_yKatalog online BPK
942 _2UKD
_cKS
999 _c4362
_d4362